| 000 | 00801nam a2200229Ia 4500 | ||
|---|---|---|---|
| 003 | GCL | ||
| 008 | 140319s9999 xx 000 0 ara d | ||
| 020 | _a2019389957 | ||
| 040 |
_aGCL / _cGCL |
||
| 082 | 0 | 4 |
_a658.5421 _bر ا |
| 100 | 1 | _aربحى مصطفى عليان | |
| 245 | 1 | 0 |
_aادارة الوقت ( TIME MANAGEMENT ) : _bالنظرية والتطبيق / _cربحى مصطفى عليان |
| 250 | _aالاولى | ||
| 260 |
_aالاردن : _bدار جرير للنشر والتوزيع ، _c2005 |
||
| 300 |
_a303 ص ؛ _c24 سم |
||
| 650 | 0 | 4 | _aادارة الوقت |
| 650 | 0 | 4 | _aتخطيط الوقت |
| 650 | 0 | 4 | _aتنظيم الوقت |
| 650 | 0 | 4 | _aالاجتماعات - تنظيم وادارة |
| 650 | 0 | 4 | _aالتكنولوجيا - ادارة الوقت |
| 942 |
_2ddc _cBK |
||
| 999 |
_c8510 _d8510 |
||